000 00405nam a2200169Ia 4500
001 12075
003 IN-NITTTR
005 20251114233113.0
008 251113s9999||||xx |||||||||||||| ||eng||
040 _beng
040 _cIN-NITTTR
041 _aeng
082 _a621.38804 S55A
100 _aSloop, Joseph G.
245 0 _aAdvanced color television servicing. /
_cSloop, Joseph G.
942 _2ddc
_cBK
999 _c14711
_d14711